| 000 | 01594nam0a2200349 4500 | ||
|---|---|---|---|
| 001 | RU\NLR\bibl\1136240 | ||
| 005 | 20260405154028.0 | ||
| 010 |
_a978-5-9704-0527-7 _91500 |
||
| 021 |
_aRU _b2007-57524 _93057 |
||
| 035 | _a(NLR Aleph) 001123119 | ||
| 090 |
_a1310709 _c1310709 |
||
| 100 | _a20071005d2007 |||y0rusy50 ca | ||
| 101 | 0 | _arus | |
| 102 | _aRU | ||
| 105 | _aa ||||||||| | ||
| 200 | 1 |
_aОбеспечение и защита прав граждан при оказании медицинской помощи _eучебное пособие для вузов _fА. В. Азаров |
|
| 210 |
_aМосква _cГЭОТАР-Медиа _d2007 |
||
| 215 |
_a191,[1] с. _cил. _d22 |
||
| 320 | _aБиблиогр.: с. 184-192 | ||
| 606 | 1 |
_aГраждане _jУчебные издания для высших учебных заведений _xПравовая защита _yРоссийская Федерация _92197789 _3RU\NLR\auth\661320832 |
|
| 606 | 1 |
_aМедицинская помощь платная _jУчебные издания для высших учебных заведений _xПравовое регулирование _91120808 _3RU\NLR\auth\66444056 |
|
| 686 | _aХ620.32я73 | ||
| 686 | _aХ621.154я73 | ||
| 686 | _aХ811.4я73 | ||
| 686 | _aР11(2) | ||
| 700 | 1 |
_4070 _8rus _7ca _aАзаров _bА. В. _cд-р мед. наук _gАнатолий Васильевич _3RU\NLR\auth\7764997 _947926 |
|
| 801 | 0 |
_aRU _bNLR _c20071005 _gRCR |
|
| 801 | 1 |
_aRU _bNLR _c20071005 |
|
| 830 | _aавт. по кн. | ||
| 942 | _cBOOK | ||
| 980 | _aNB | ||